00788nam a2200193 a 4500001001000000003000400010005001700014008004100031040002500072082001700097111009200114245017300206260004700379300002100426700005300447700003300500700003100533700003000564000039620OSt20240301141933.0130712s1987 dr 000 0 spa d aDO-SdBNPbspacBNPHU axxxxxbxxxxx2 aConferencias sobre vias de ejecuciónd1987 : 30 de obt. al 1 de nov.cSanto Domingo )10aConferencias sobre vías de ejecución :b(los embargos) /cMariano German Mejía, Domingo Rafael Vasquez C., Artagnan Pérez Méndez ; editor J. Avelino Guzmán. aSanto Domingo :bEdiciones Biersem,c1987. a220 p. ;c21 cm.12aGermán M., Mariano,d1946-q(Germán Mejía)12aVásquez C., Domingo Rafael12aPérez Méndez, Artagnan1 aGuzmán, J. Avelinoeed.